000 00327nam a22001097a 4500
999 _c65909
_d65906
100 _aSayed Ghulam Mustafa Jellani
_a16MCEM11
245 _aModelling transport safety and its influence and mode choice behavior
260 _aNawabshah
_bQUEST
_c2019
300 _a39
700 _aDepartment of Civil Engineering
942 _cTHESIS